000 00722nam a2200229Ia 4500
003 IT-RoPAU
008 120407s9999 xx 000 0 und d
040 _aIT-RoPAU
040 _cIT-RoPAU
041 _aita
100 _aMario Erbetta
100 _ccur.
245 _a"Apocrifi (Gli) del Nuovo Testamento Versione e commento di Mario Erbetta."
250 _aTorino
260 _aMarietti
260 _c1966
300 _c25 cm
490 _v1
600 _aI/1 : Vangeli : scritti affini ai canonici 661 p. I/2 : Vangeli : Infanzia, Passione di Cristo, Assunzione di Maria 652 p. II : Atti e leggende 601 p. // III : Lettere e Apocalissi 559 p.
942 _cBK
999 _c23080
_d23080